|
|
|
|
| LEADER |
00000nab a2200000 ar4500 |
| 001 |
vtls009298670 |
| 003 |
SK-MaSNL |
| 005 |
20260303051729.0 |
| 008 |
080529c2008 xo wr|p|||||||000 b|slo |
| 015 |
|
|
|a SNBRB2008/05
|2 snkbucl
|
| 040 |
|
|
|a SNKBUCL
|b slo
|c SNKBUCL
|e AACR2
|
| 041 |
0 |
|
|a slo
|
| 044 |
|
|
|a xo
|c SK
|
| 080 |
|
|
|a 061.2:502.17
|x (4)
|2 2001
|
| 080 |
|
|
|a 630*18
|2 2001
|
| 080 |
|
|
|a 551.58
|2 2001
|
| 100 |
1 |
|
|a Bednáriková, Eva
|4 aut
|9 1041803
|
| 245 |
1 |
0 |
|a Klimatická aliancia - pomoc pre obce a regióny
|c Eva Bednáriková
|
| 300 |
|
|
|b Fotogr.
|
| 610 |
2 |
7 |
|a Klimatická aliancia (združenie)
|x záujmy
|2 snkbucl
|9 1041804
|
| 650 |
0 |
7 |
|a svetová klíma
|x ochrana
|2 snkbucl
|9 1041805
|
| 650 |
0 |
7 |
|a dažďové pralesy
|x ochrana
|2 snkbucl
|9 1041806
|
| 773 |
0 |
|
|t Slovo : spoločensko-politický týždenník
|g Roč. X, č. 16 (2008), s. 4
|x 1335-468X
|
| 852 |
|
|
|a SNK
|b KIS3GCP
|
| 999 |
|
|
|c 1712521
|d 1714451
|